| 000 | 00000nam##2200000za#4500 |
| 001 | 9.599697 |
| 003 | CaOODSP |
| 005 | 20210624205212 |
| 007 | cr ||||||||||| |
| 008 | 150406|2004||||xxc|||||o f|0| 0 fre|d |
| 040 | |aCaOODSP|bfre |
| 043 | |an-cn--- |
| 086 | 1 |aFs76-3/2004-003F-PDF |
| 110 | 1 |aCanada. |bMinistère des pêches et des océans. |bRégion du golfe. |
| 245 | 10|aImpacts possibles de la prospection sismique sur le crabe des neiges |h[ressource électronique] |
| 260 | |aOttawa - Ontario : |bPêches et Océans Canada. |cOctobre 2004. |
| 300 | |a6p. |
| 490 | 1 |aRapport sur l'état des habitats |v2004/003 |
| 590 | |a10-11-Supp|b2010-11-10 |
| 775 | 08|tPotential impacts of seismic energy on snow crab |w(CaOODSP)9.568409 |
| 830 | #0|aRapport sur l'état des habitats ;|v2004/003|w(CaOODSP)9.502626 |
| 856 | 40|ahttp://publications.gc.ca|qPDF|s62 Ko|uhttps://publications.gc.ca/collections/collection_2010/mpo-dfo/Fs76-3-2004-003-fra.pdf|y2004/003 |